{"text_format":"3","workbook":"xlsx","n_sheets":3,"sheets":["Avant métré","DQE","Feuil1"],"read":"whole","date_system":"1900"}

{"sheet":"Avant métré","index":0,"n_rows":139,"n_cols":13,"rows_kept":139,"merged":[[3,0,4,0],[3,1,4,2],[3,3,4,3],[3,4,3,6],[3,7,3,9],[3,10,4,10],[3,11,3,12],[5,1,5,12],[6,1,6,2],[7,1,7,2],[8,1,8,2],[9,1,9,2],[10,1,10,2],[11,1,11,2],[12,1,12,12],[13,1,13,2],[14,1,14,2],[15,1,15,2],[16,1,16,2],[17,1,17,2],[18,1,18,2],[19,1,19,2],[20,1,20,2],[21,1,21,2],[22,1,22,2],[23,1,23,2],[24,1,24,2],[25,1,25,2],[26,1,26,2],[27,1,27,12],[28,1,28,2],[29,1,29,2],[30,1,30,2],[31,1,31,2],[32,1,32,2],[33,1,33,2],[34,1,34,2],[35,1,35,2],[36,1,36,2],[37,1,37,2],[38,1,38,2],[39,1,39,2],[40,1,40,2],[41,1,41,2],[42,1,42,2],[43,1,43,2],[44,1,44,2],[45,1,45,2],[46,1,46,2],[47,1,47,2],[48,1,48,2],[49,1,49,2],[50,1,50,2],[51,1,51,2],[52,1,52,2],[53,1,53,2],[54,1,54,2],[55,1,55,2],[56,1,56,2],[57,1,57,2],[58,1,58,2],[59,1,59,2],[60,1,60,2],[61,1,61,2],[62,1,62,12],[63,1,63,2],[64,1,64,2],[65,1,65,12],[66,1,66,2],[67,1,67,2],[68,1,68,2],[69,1,69,2],[70,1,70,2],[71,1,71,2],[72,1,72,12],[73,1,73,2],[74,1,74,2],[75,1,75,2],[76,1,76,2],[77,1,77,2],[78,1,78,2],[79,1,79,2],[80,1,80,2],[81,1,81,12],[82,1,82,2],[83,1,83,2],[84,1,84,2],[85,1,85,12],[86,1,86,2],[87,1,87,2],[88,1,88,2],[89,1,89,2],[90,1,90,12],[91,1,91,2],[92,1,92,2],[93,1,93,2],[94,1,94,12],[95,1,95,2],[96,1,96,2],[97,1,97,2],[98,1,98,2],[99,1,99,2],[100,1,100,12],[101,1,101,2],[102,1,102,2],[103,1,103,2],[104,1,104,12],[105,1,105,2],[106,1,106,2],[107,1,107,2],[108,1,108,2],[109,1,109,12],[110,1,110,2],[111,1,111,2],[112,1,112,2],[113,1,113,2],[114,1,114,2],[115,1,115,2],[116,1,116,2],[117,1,117,2],[118,1,118,2],[119,1,119,2],[120,1,120,2],[121,1,121,2],[122,1,122,2],[123,1,123,2],[124,1,124,2],[125,1,125,2],[126,1,126,2],[127,1,127,2],[128,1,128,2],[129,1,129,2],[130,1,130,2],[131,1,131,2],[132,1,132,2],[133,1,133,2],[134,1,134,2],[135,1,135,2],[136,1,136,2],[137,1,137,2],[138,1,138,2],[139,1,139,2],[140,1,140,2],[141,1,141,2],[142,1,142,2],[143,1,143,2],[144,1,144,2],[145,1,145,2],[146,1,146,2],[147,1,147,2],[148,1,148,2],[149,1,149,2],[150,1,150,2],[151,1,151,2],[152,1,152,2],[153,1,153,2],[154,1,154,2],[155,1,155,2],[156,1,156,2],[157,1,157,2],[158,1,158,2],[159,1,159,2],[160,1,160,2],[161,1,161,2],[162,1,162,2],[163,1,163,2],[164,1,164,2],[165,1,165,2],[166,1,166,2],[167,1,167,2],[168,1,168,2]]}
[]
[]
[]
["N°","Désignation",null,"Nombre","Dimensions",null,null,"Acier",null,null,"U","Quantité"]
[{"$nulls":4},"L","l","h","Ф (mm)","masse (kg/m)","St (m)",null,"Partielle","Totale"]
["①","TERRASSEMENT"]
["1.1","Décapage des terres végétales d'épaisseur 10cm",null,null,{"$f":"18.8+1*2","v":20.8},{"$f":"15.45+1*2","v":17.45},0.1,{"$nulls":3},"m3",{"$f":"E7*F7*G7","v":36.296},{"$f":"L7","v":36.296}]
["1.2","Fouilles en rigole 45x50cm2",null,null,175.56,{"$f":"0.45","v":0.45},0.5,{"$nulls":3},"m3",{"$f":"E8*F8*G8","v":39.501000000000005},{"$f":"L8","v":39.501000000000005}]
["1.3","Remblai des terres provenant des fouilles",null,null,175.56,{"$f":"0.45","v":0.45},0.5,{"$nulls":3},"m3",{"$f":"(E9*F9*G9)*1.5","v":59.25150000000001},59.25150000000001]
["1.4","Lit de sable de 5cm pour l'assise du film polyane",null,null,18.8,15.45,{"$nulls":4},"m2",{"$f":"E10*F10","v":290.46},290.46]
["1.5","Fourniture et pose du film polyane 180 microns",null,null,18.8,15.45,{"$nulls":4},"m2",{"$f":"E11*F11","v":290.46},290.46]
["1.6","Remblai d'apport compacté soigneusement chaque 20cm",null,null,18.8,15.45,{"$nulls":4},"m2",{"$f":"0.5*(E12*F12)-L8","v":105.72899999999998},105.72899999999998]
["②","FONDATION"]
["2.1","Béton de propreté sous semmelles dosé à 150kg/m3",null,null,175.56,0.45,0.05,{"$nulls":3},"m3",{"$f":"E14*F14*G14","v":3.950100000000001},{"$f":"L14","v":3.950100000000001}]
["2.2","Béton pour semelles filantes en BA dosé à 350kg/m3",null,null,175.56,0.45,0.1,{"$nulls":3},"m3",{"$f":"E15*F15*G15","v":7.900200000000002},{"$f":"L15","v":7.900200000000002}]
["2.3","Aciers longitudinaux HA8 pour semelles filantes ",null,3,175.56,null,null,8,{"$f":"(6.165*10^-3)*H16^2","v":0.39456},null,"kg",{"$f":"E16*I16","v":69.2689536},{"$f":"D16*L16","v":207.8068608}]
["2.4","Epingles HA10 pour semelles filantes ",null,{"$f":"ROUND(E16/J17,0)","v":878},{"$f":"(0.45-0.06)+(10*H17*10^-3)*2","v":0.5900000000000001},null,null,10,{"$f":"(6.165*10^-3)*H17^2","v":0.6165},0.2,"kg",{"$f":"E17*I17","v":0.3637350000000001},{"$f":"D17*L17","v":319.35933000000006}]
["2.5","Béton pour poteaux en BA dosé à 350kg/m3",null,45,{"$f":"0.5-(0.05+0.1)","v":0.35},0.2,0.2,{"$nulls":3},"m3",{"$f":"E18*F18*G18","v":0.013999999999999999},{"$f":"D18*L18","v":0.6299999999999999}]
["2.6","Aciers longitutdinaux HA10",null,4,{"$f":"20*H19*10^-3+0.5+60*H19*10^-3","v":1.2999999999999998},null,null,10,{"$f":"(6.165*10^-3)*H19^2","v":0.6165},null,"kg",{"$f":"E19*I19*D18","v":36.06525},144.261]
["2.7","Cadres HA6",null,{"$f":"ROUND(0.5/J20,0)","v":3},{"$f":"(0.14*4+2*10*H20*10^-3)","v":0.68},null,null,6,{"$f":"(6.165*10^-3)*H20^2","v":0.22194000000000003},0.2,"kg",{"$f":"E20*I20*D18","v":6.7913640000000015},20.374092000000005]
["2.8","Coffrage en bois en fond de 20cm",null,4,null,0.2,0.5,{"$nulls":3},"m2",{"$f":"F21*G21*D18","v":4.5},18]
["2.9","Maçonnerie en agglos de 20cm",null,null,175.56,null,{"$f":"E18","v":0.35},{"$nulls":3},"m2",{"$f":"E22*G22","v":61.446},{"$f":"L22","v":61.446}]
["2.10","Béton pour chainage bas dosé à 350kg/m3",null,null,175.56,0.2,0.2,{"$nulls":3},"m3",{"$f":"E23*F23*G23","v":7.022400000000001},{"$f":"L23","v":7.022400000000001}]
["2.11","Aciers longitutdinaux HA8",null,4,175.56,null,null,8,{"$f":"(6.165*10^-3)*H24^2","v":0.39456},null,"kg",{"$f":"E24*I24","v":69.2689536},{"$f":"D24*L24","v":277.0758144}]
["2.12","Cadres HA6",null,{"$f":"ROUND(E24/J25,0)","v":878},{"$f":"(0.14*4+2*10*H25*10^-3)","v":0.68},null,null,6,0.22194000000000003,0.2,"kg",{"$f":"E25*I25","v":0.15091920000000003},132.50705760000002]
["2.13","Coffrage en bois en fond de 20cm",null,2,175.56,0.2,{"$nulls":4},"m2",{"$f":"E26*F26","v":35.112},70.224]
["2.14","Béton pour dallage d'épaisseur 8cm dosé à 300kg/m3",null,null,18.8,15.45,0.08,{"$nulls":3},"m3",{"$f":"E27*F27*G27","v":23.2368},{"$f":"L27","v":23.2368}]
["③","ELEVATION"]
["3.1","RDC"]
["3.1.1","Béton pour poteaux dosé à 350kg/m3",null,45,2.8,0.2,0.2,{"$nulls":3},"m3",{"$f":"E30*F30*G30","v":0.11199999999999999},{"$f":"D30*L30","v":5.039999999999999}]
["3.1.2","Aciers longitutdinaux HA10",null,45,2.8,null,null,10,{"$f":"(6.165*10^-3)*H31^2","v":0.6165},null,"kg",{"$f":"E31*I31","v":1.7262},{"$f":"D31*L31","v":77.679}]
["3.1.3","Cadres HA6",null,{"$f":"ROUND(E31/J32,0)","v":14},{"$f":"E20","v":0.68},null,null,6,{"$f":"(6.165*10^-3)*H32^2","v":0.22194000000000003},0.2,"kg",{"$f":"E32*I32*D31","v":6.7913640000000015},{"$f":"D32*L32","v":95.07909600000002}]
["3.1.4","Coffrage en bois en fond de 20cm",null,4,null,0.2,2.8,{"$nulls":3},"m2",{"$f":"F33*G33*D31","v":25.199999999999996},{"$f":"D33*L33","v":100.79999999999998}]
["3.1.5","Maçonnerie en agglos de 15cm",null,null,175.56,null,2.8,{"$nulls":3},"m2",{"$f":"E34*G34","v":491.568},{"$f":"L34","v":491.568}]
["3.1.6","Béton pour lintaux dosé à 350kg/m3",null,null,175.56,0.2,0.2,{"$nulls":3},"m3",{"$f":"E35*F35*G35","v":7.022400000000001},{"$f":"L35","v":7.022400000000001}]
["3.1.7","Aciers longitutdinaux HA8",null,4,175.56,null,null,8,0.39456,null,"kg",{"$f":"E36*I36","v":69.2689536},277.0758144]
["3.1.8","Cadres HA6",null,{"$f":"ROUND(E36/J37,0)","v":878},{"$f":"E32","v":0.68},null,null,6,0.22194000000000003,0.2,"kg",{"$f":"E37*I37","v":0.15091920000000003},132.50705760000002]
["3.1.9","Coffrage en bois en fond de 20cm",null,2,175.56,0.2,{"$nulls":4},"m2",{"$f":"E38*F38","v":35.112},70.224]
["3.1.10","Béton pour chainage haut dosé à 350kg/m3",null,null,175.56,0.2,0.2,{"$nulls":3},"m3",{"$f":"E39*F39*G39","v":7.022400000000001},{"$f":"L39","v":7.022400000000001}]
["3.1.11","Aciers longitutdinaux HA8",null,4,175.56,null,null,8,0.39456,null,"kg",{"$f":"E40*I40","v":69.2689536},277.0758144]
["3.1.12","Cadres HA6",null,{"$f":"ROUND(E40/J41,0)","v":878},{"$f":"E37","v":0.68},null,null,6,0.22194000000000003,0.2,"kg",{"$f":"E41*I41","v":0.15091920000000003},132.50705760000002]
["3.1.13","Coffrage en bois en fond de 20cm",null,2,175.56,0.2,null,null,0,null,"m2",{"$f":"E42*F42","v":35.112},70.224]
["3.1.14","Béton pour plancher haut (dalle en BA) d'épaisseur 15cm dosé à 350kg/m3",null,null,18.8,15.45,0.15,null,0,null,"m3",{"$f":"E43*F43*G43","v":43.568999999999996},{"$f":"L43","v":43.568999999999996}]
["3.1.15","Aciers HA10",{"$nulls":5},10,0.6165,null,"kg",{"$f":"60*L43","v":2614.14},{"$f":"L44","v":2614.14}]
["3.1.16","Etaiement pour la dalle",null,null,18.8,15.45,{"$nulls":5},{"$f":"ROUND((E45/0.8)*(F45/0.8),0)","v":454},{"$f":"L45","v":454}]
["3.1.17","Béton pour escalier en BA dosé à 350kg/m3",{"$nulls":6},0,null,"m3",{"$f":"0.9+0.98+0.96+0.2","v":3.04},{"$f":"L46","v":3.04}]
["3.1.18","Aciers longitutdinaux HA10",null,16,4.54,null,null,10,0.6165,null,"kg",{"$f":"E47*I47","v":2.7989100000000002},44.782560000000004]
["3.1.19","Aciers de répartition HA8",null,19,1.45,null,null,8,0.39456,null,"kg",{"$f":"E48*I48","v":0.5721120000000001},10.870128000000001]
["3.2","ETAGE"]
["3.2.1","Béton pour poteaux dosé à 350kg/m3",null,45,2.8,0.2,0.2,{"$nulls":3},"m3",{"$f":"E50*F50*G50","v":0.11199999999999999},{"$f":"D50*L50","v":5.039999999999999}]
["3.2.2","Aciers longitutdinaux HA10",null,45,2.8,null,null,10,{"$f":"(6.165*10^-3)*H51^2","v":0.6165},null,"kg",{"$f":"E51*I51","v":1.7262},{"$f":"D51*L51","v":77.679}]
["3.2.3","Cadres HA6",null,{"$f":"ROUND(E51/J52,0)","v":14},{"$f":"E40","v":175.56},null,null,6,0.22194000000000003,0.2,"kg",{"$f":"E52*I52*D51","v":1753.3703880000003},{"$f":"D52*L52","v":24547.185432000006}]
["3.2.4","Coffrage en bois en fond de 20cm",null,4,null,0.2,2.8,{"$nulls":3},"m2",{"$f":"F53*G53*D51","v":25.199999999999996},{"$f":"D53*L53","v":100.79999999999998}]
["3.2.5","Maçonnerie en agglos de 15cm",null,null,175.56,null,2.8,{"$nulls":3},"m2",{"$f":"E54*G54","v":491.568},{"$f":"L54","v":491.568}]
["3.2.6","Béton pour lintaux dosé à 350kg/m3",null,null,175.56,0.2,0.2,{"$nulls":3},"m3",{"$f":"E55*F55*G55","v":7.022400000000001},{"$f":"L55","v":7.022400000000001}]
["3.2.7","Aciers longitutdinaux HA8",null,4,175.56,null,null,8,0.39456,null,"kg",{"$f":"E56*I56","v":69.2689536},{"$f":"D56*L56","v":277.0758144}]
["3.2.8","Cadres HA6",null,{"$f":"ROUND(E56/J57,0)","v":878},{"$f":"E52","v":175.56},null,null,6,0.22194000000000003,0.2,"kg",{"$f":"E57*I57","v":38.963786400000004},34210.2044592]
["3.2.9","Coffrage en bois en fond de 20cm",null,2,175.56,0.2,{"$nulls":4},"m2",{"$f":"E58*F58","v":35.112},70.224]
["3.2.10","Béton pour chainage haut dosé à 350kg/m3",null,null,175.56,0.2,0.2,{"$nulls":3},"m3",{"$f":"E59*F59*G59","v":7.022400000000001},{"$f":"L59","v":7.022400000000001}]
["3.2.11","Aciers longitutdinaux HA8",null,4,175.56,null,null,8,0.39456,null,"kg",{"$f":"E60*I60","v":69.2689536},{"$f":"D60*L60","v":277.0758144}]
["3.2.12","Cadres HA6",null,{"$f":"ROUND(E60/J61,0)","v":878},{"$f":"E57","v":175.56},null,null,6,0.22194000000000003,0.2,"kg",{"$f":"E61*I61","v":38.963786400000004},34210.2044592]
["3.2.13","Coffrage en bois en fond de 20cm",null,2,175.56,0.2,null,null,0,null,"m2",{"$f":"E62*F62","v":35.112},70.224]
["④","CHARPENTE EN BOIS - COUVERTURE"]
["4.1","Ferme en bois en fond de 15 et Chevrons 8x8cm2",{"$nulls":8},"m3",{"$f":"0.15*0.03*741+0.08*0.08*163","v":4.3777},{"$f":"L64","v":4.3777}]
["4.2","Toles bac en alu 5/10ième",{"$nulls":8},"m2",286,{"$f":"L65","v":286}]
["⑤","MENUISERIE EN ALUMINIUM"]
["5.1","RDC"]
["5.1.1","Fenetre à deux battants 120x110",{"$nulls":8},"u",10,{"$f":"L68","v":10}]
["5.1.2","Fenetre à deux battants 60x60",{"$nulls":8},"u",5,{"$f":"L69","v":5}]
["5.2","ETAGE"]
["5.2.1","Fenetre à deux battants 120x110",{"$nulls":8},"u",10,10]
["5.2.2","Fenetre à deux battants 60x60",{"$nulls":8},"u",5,5]
["⑥","MENUISERIE EN BOIS"]
["6.1","RDC"]
["6.1.1","Fourniture et pose de bloc porte pleine en bois 1,5x210",{"$nulls":8},"u",2,{"$f":"L75","v":2}]
["6.1.2","Fourniture et pose de bloc porte pleine en bois 90x210",{"$nulls":8},"u",6,{"$f":"L76","v":6}]
["6.1.3","Fourniture et pose de bloc porte pleine en bois 80x210",{"$nulls":8},"u",5,5]
["6.2","ETAGE"]
["6.2.1","Fourniture et pose de bloc porte pleine en bois 1,5x210",{"$nulls":8},"u",2,2]
["6.2.2","Fourniture et pose de bloc porte pleine en bois 90x210",{"$nulls":8},"u",6,6]
["6.2.3","Fourniture et pose de bloc porte pleine en bois 80x210",{"$nulls":8},"u",5,5]
["⑦","REVETEMENT MURS"]
[null,"RDC & ETAGE"]
["7.1","Enduit au mortier de 1,5 mm d'épaisseur dosé à 350kg/m3",null,2,175.56,2.8,1.5E-3,{"$nulls":3},"m3",{"$f":"E84*F84*G84","v":0.737352},{"$f":"D84*L84","v":1.474704}]
["7.2","Faience pour salle d'eau sur 1,7m (SBD, cuisine et toilette)",null,2,{"$nulls":6},"m2",74,{"$f":"D85*L85","v":148}]
["⑧","REVETEMENT SOL"]
[null,"RDC & ETAGE"]
["8.1","Chape",null,2,18.8,15.45,{"$nulls":4},"m2",{"$f":"E88*F88","v":290.46},{"$f":"D88*L88","v":580.92}]
["8.2","Carreleage en gré de céramique 15x15",null,2,18.8,15.45,{"$nulls":4},"m2",{"$f":"E89*F89","v":290.46},{"$f":"D89*L89","v":580.92}]
["8.3","Plinthe",null,2,175.56,null,0.1,{"$nulls":3},"m2",{"$f":"E90*G90","v":17.556},35.112]
["⑨","FAUX PLAFOND"]
[null,"RDC & ETAGE"]
["9.1","Contre plaqué de 4mm",null,2,{"$nulls":6},"u",{"v":79,"d":"79.00"},{"$f":"D93*L93","v":{"v":158,"d":"158.00"}}]
["9.2","Latte 5x8cm2",null,2,{"$nulls":6},"m2",{"$f":"0.05*0.08*991","v":{"v":3.964,"d":"3.96"}},{"v":7.928,"d":"7.93"}]
["⑩","PEINTURE"]
[null,"RDC & ETAGE"]
["10.1","Peinture intérieure",null,2,175.56,null,2.8,{"$nulls":3},"m2",{"$f":"E97*G97","v":491.568},{"$f":"D97*L97","v":983.136}]
["10.2","Peinture sur ménuiserie",null,2,{"$nulls":6},"m2",65,{"$f":"D98*L98","v":130}]
["10.3","Peinture exterieure",null,2,175.56,null,2.8,{"$nulls":3},"m2",{"$f":"E99*G99","v":491.568},983.136]
["10.4","Peinture sur faux plafond",null,2,18.8,15.45,{"$nulls":4},"m2",{"$f":"E100*F100","v":290.46},580.92]
["⑪","CLIMATISATION"]
[null,"RDC & ETAGE"]
["11.1","Fourniture et pose climatiseurs 12000BTU",null,2,{"$nulls":6},"u",2,{"$f":"D103*L103","v":4}]
["11.2","Fourniture et pose climatiseurs 24000BTU",null,2,{"$nulls":6},"u",1,{"$f":"D104*L104","v":2}]
["⑫","ELECTRICITE"]
[null,"RDC & ETAGE"]
["12.1","Forfait"]
[]
[]
["⑬","PLOMBERIE - SANITAIRE -ASSAINISSEMENT"]
[null,"RDC & ETAGE"]
["13.1","Tuyauterie d'évacuation d'eau Ф 63",null,2,{"$nulls":6},"u",{"v":3,"d":"3.00"},{"$f":"D112*L112","v":6}]
["13.2","Tuyauterie d'évacuation d'eau Ф 80",null,2,{"$nulls":6},"u",{"v":7,"d":"7.00"},{"$f":"D113*L113","v":14}]
["13.3","Tuyauterie d'évacuation d'eau Ф 100",null,2,{"$nulls":6},"u",{"v":6,"d":"6.00"},12]
["13.4","Tuyauterie d'évacuation d'eau pluviale goutière en U",null,2,{"$nulls":6},"u",{"v":6,"d":"6.00"},12]
["13.5","Tuyauterie d'évacuation d'eau pluviale Ф 100",null,2,{"$nulls":6},"u",{"v":8,"d":"8.00"},16]
["13.6","Regard de visite 60x60",null,1,{"$nulls":6},"u",{"v":6,"d":"6.00"},6]
["13.7","Fosse toute eau 2x1,8x2",null,1,{"$nulls":6},"m3",{"v":7,"d":"7.00"},7]
["13.8","Murs en parpaings de 15",null,1,{"$nulls":6},"m2",{"v":10,"d":"10.00"},10]
["13.9","Brique",null,1,{"$nulls":6},"u",{"v":133,"d":"133.00"},133]
["13.10","Sable",null,1,{"$nulls":6},"t",{"v":7,"d":"7.00"},7]
["13.11","Ciment",null,1,{"$nulls":6},"u",{"v":75,"d":"75.00"},75]
["13.12","Dallage béton armé 10cm",{"$nulls":8},"cm3"]
["13.13","Ciment",null,1,{"$nulls":6},"u",{"v":3,"d":"3.00"},3]
["13.14","Gravier",null,1,{"$nulls":6},"t",{"v":0,"d":"0.00"},0]
["13.15","Acier HA8",null,1,{"$nulls":6},"ml",{"v":28,"d":"28.00"},28]
["13.16","Sable",null,1,{"$nulls":6},"t",{"v":0,"d":"0.00"},0]
["13.17","Coffrage en bois",null,1,{"$nulls":6},"m2",{"v":3,"d":"3.00"},3]
["13.18","Lattes",null,1,{"$nulls":6},"ml",{"v":10,"d":"10.00"},10]
["13.19","Contre plaqué",null,1,{"$nulls":6},"u",{"v":2,"d":"2.00"},2]
["13.20","Sanitaire"]
["13.21","Wc accessoire y compris",null,1,{"$nulls":6},"u",{"v":5,"d":"5.00"},5]
["13.22","Evier de cuisine accessoire y compris",null,1,{"$nulls":6},"u",{"v":1,"d":"1.00"},1]
["13.23","Lavabos accessoire y compris",null,1,{"$nulls":6},"u",{"v":5,"d":"5.00"},5]
["13.24","Plomberie",null,1,{"$nulls":8},0]
["13.25","Tuyauterie d'alimentation en eau potable en PEHD",null,2,{"$nulls":6},"ml",null,0]
[]
[]
["KLS"]

{"sheet":"DQE","index":1,"n_rows":162,"n_cols":11,"rows_kept":162,"merged":[[3,0,4,0],[3,1,4,2],[3,3,4,3],[3,4,4,4],[3,5,4,5],[3,6,4,6],[5,1,5,6],[6,1,6,2],[7,1,7,2],[8,1,8,2],[9,0,9,5],[10,1,10,6],[11,1,11,2],[12,1,12,2],[13,1,13,2],[14,1,14,2],[15,1,15,2],[16,1,16,2],[17,0,17,5],[18,1,18,6],[19,1,19,2],[20,1,20,2],[21,1,21,2],[22,1,22,2],[23,1,23,2],[24,1,24,2],[25,1,25,2],[26,1,26,2],[27,1,27,2],[28,1,28,2],[29,1,29,2],[30,1,30,2],[31,1,31,2],[32,1,32,2],[33,0,33,5],[34,1,34,6],[35,1,35,2],[36,1,36,2],[37,1,37,2],[38,1,38,2],[39,1,39,2],[40,1,40,2],[41,1,41,2],[42,1,42,2],[43,1,43,2],[44,1,44,2],[45,1,45,2],[46,1,46,2],[47,1,47,2],[48,1,48,2],[49,1,49,2],[50,1,50,2],[51,1,51,2],[52,1,52,2],[53,1,53,2],[54,1,54,2],[55,1,55,2],[56,1,56,2],[57,1,57,2],[58,1,58,2],[59,1,59,2],[60,1,60,2],[61,1,61,2],[62,1,62,2],[63,1,63,2],[64,1,64,2],[65,1,65,2],[66,1,66,2],[67,1,67,2],[68,1,68,2],[69,0,69,5],[70,1,70,6],[71,1,71,2],[72,1,72,2],[73,0,73,5],[74,1,74,6],[75,1,75,2],[76,1,76,2],[77,1,77,2],[78,1,78,2],[79,1,79,2],[80,1,80,2],[81,0,81,5],[82,1,82,6],[83,1,83,2],[84,1,84,2],[85,1,85,2],[86,1,86,2],[87,1,87,2],[88,1,88,2],[89,1,89,2],[90,1,90,2],[91,0,91,5],[92,1,92,6],[93,1,93,2],[94,1,94,2],[95,1,95,2],[96,0,96,5],[97,1,97,6],[98,1,98,2],[99,1,99,2],[100,1,100,2],[101,1,101,2],[102,0,102,5],[103,1,103,6],[104,1,104,2],[105,1,105,2],[106,1,106,2],[107,0,107,5],[108,1,108,6],[109,1,109,2],[110,1,110,2],[111,1,111,2],[112,1,112,2],[113,1,113,2],[114,0,114,5],[115,1,115,6],[116,1,116,2],[117,1,117,2],[118,1,118,2],[119,0,119,5],[120,1,120,6],[121,1,121,2],[122,1,122,2],[123,1,123,2],[124,0,124,5],[125,1,125,6],[126,1,126,2],[127,1,127,2],[128,1,128,2],[129,1,129,2],[130,1,130,2],[131,1,131,2],[132,1,132,2],[133,1,133,2],[134,1,134,2],[135,1,135,2],[136,1,136,2],[137,1,137,2],[138,1,138,2],[139,1,139,2],[140,1,140,2],[141,1,141,2],[142,1,142,2],[143,1,143,2],[144,1,144,2],[145,1,145,2],[146,1,146,2],[147,1,147,2],[148,1,148,2],[149,1,149,2],[150,1,150,2],[151,1,151,2],[152,1,152,5],[153,0,153,5],[154,1,154,6],[155,1,155,2],[156,0,156,5],[157,0,157,6],[158,0,158,5],[159,0,159,5],[160,0,160,5],[161,0,161,5],[162,1,162,2],[163,1,163,2],[164,1,164,2],[165,1,165,2],[166,1,166,2],[167,1,167,2],[168,1,168,2],[169,1,169,2],[170,1,170,2],[171,1,171,2],[172,1,172,2],[173,1,173,2],[174,1,174,2],[175,1,175,2],[176,1,176,2],[177,1,177,2],[178,1,178,2],[179,1,179,2],[180,1,180,2],[181,1,181,2],[182,1,182,2],[183,1,183,2],[184,1,184,2],[185,1,185,2],[186,1,186,2],[187,1,187,2],[188,1,188,2],[189,1,189,2],[190,1,190,2]]}
[]
[]
[]
["N°","Désignation",null,"U","Quantité","P.U","P.T"]
[]
["⓪","TRVAUX PREPARATOIRES"]
[null,"Installation et replis de chantier ",null,"fft","Ens",400000,{"$f":"SUM(F7)","v":400000}]
[null,"Evacuation des gravat à la decharge publique",null,"fft","Ens",100000,100000]
[null,"Implantation",null,"fft","Ens",100000,100000]
["Sous total 0",{"$nulls":5},{"$f":"SUM(G7:G9)","v":600000}]
["①","TERRASSEMENT"]
["1.1","Décapage des terres végétales d'épaisseur 10cm",null,"m3",{"$f":"'Avant métré'!M7","v":36.296},8500,{"$f":"E12*F12","v":308516}]
["1.2","Fouilles en rigole 45x50cm2",null,"m3",{"$f":"'Avant métré'!M8","v":39.501000000000005},14700,{"$f":"E13*F13","v":{"v":580664.7000000001,"d":"580665"}}]
["1.3","Remblai des terres provenant des fouilles",null,"m3",{"$f":"'Avant métré'!M9","v":59.25150000000001},6500,{"v":385134.75000000006,"d":"385135"},null,{"$f":"0.5*0.45","v":0.225},null,{"$f":"E13/I14","v":175.56000000000003}]
["1.4","Lit de sable de 5cm pour l'assise du film polyane",null,"m2",{"$f":"'Avant métré'!M10","v":290.46},6500,{"v":1887989.9999999998,"d":"1887990"}]
["1.5","Fourniture et pose du film polyane 180 microns",null,"m2",{"$f":"'Avant métré'!M11","v":290.46},300,87138]
["1.6","Remblai d'apport compacté soigneusement chaque 20cm",null,"m2",{"$f":"'Avant métré'!M12","v":105.72899999999998},6500,{"v":687238.4999999999,"d":"687239"}]
["Sous total 1",{"$nulls":5},{"$f":"SUM(G12:G17)","v":{"v":3936681.95,"d":"3936682"}}]
["②","FONDATION"]
["2.1","Béton de propreté sous semmelles dosé à 150kg/m3",null,"m3",{"$f":"'Avant métré'!M14","v":3.950100000000001},90000,{"$f":"E20*F20","v":{"v":355509.00000000006,"d":"355,509 "}}]
["2.2","Béton pour semelles filantes en BA dosé à 350kg/m3",null,"m3",{"$f":"'Avant métré'!M15","v":7.900200000000002},150000,{"$f":"E21*F21","v":{"v":1185030.0000000002,"d":"1,185,030 "}}]
["2.3","Aciers longitudinaux HA8 pour semelles filantes ",null,"kg",{"$f":"'Avant métré'!M16","v":207.8068608},1300,{"v":270148.91904,"d":"270,149 "}]
["2.4","Epingles HA10 pour semelles filantes ",null,"kg",{"$f":"'Avant métré'!M17","v":319.35933000000006},1300,{"v":415167.1290000001,"d":"415,167 "}]
["2.5","Béton pour poteaux en BA dosé à 350kg/m3",null,"m3",{"$f":"'Avant métré'!M18","v":0.6299999999999999},150000,{"v":94499.99999999999,"d":"94,500 "}]
["2.6","Aciers longitutdinaux HA10",null,"kg",{"$f":"'Avant métré'!M19","v":144.261},1300,{"v":187539.3,"d":"187,539 "}]
["2.7","Cadres HA6",null,"kg",{"$f":"'Avant métré'!M20","v":20.374092000000005},1300,{"v":26486.319600000006,"d":"26,486 "}]
["2.8","Coffrage en bois en fond de 20cm",null,"m2",{"$f":"'Avant métré'!M21","v":18},5000,{"v":90000,"d":"90,000 "}]
["2.9","Maçonnerie en agglos de 20cm",null,"m2",{"$f":"'Avant métré'!M22","v":61.446},11000,{"v":675906,"d":"675,906 "}]
["2.10","Béton pour chainage bas dosé à 350kg/m3",null,"m3",{"$f":"'Avant métré'!M23","v":7.022400000000001},150000,{"v":1053360.0000000002,"d":"1,053,360 "}]
["2.11","Aciers longitutdinaux HA8",null,"kg",{"$f":"'Avant métré'!M24","v":277.0758144},1300,{"v":360198.55872000003,"d":"360,199 "}]
["2.12","Cadres HA6",null,"kg",{"$f":"'Avant métré'!M25","v":132.50705760000002},1300,{"v":172259.17488000004,"d":"172,259 "}]
["2.13","Coffrage en bois en fond de 20cm",null,"m2",{"$f":"'Avant métré'!M26","v":70.224},5000,{"v":351120,"d":"351,120 "}]
["2.14","Béton pour dallage d'épaisseur 8cm dosé à 300kg/m3",null,"m3",{"$f":"'Avant métré'!M27","v":23.2368},115000,{"v":2672232,"d":"2,672,232 "}]
["Sous total 2",{"$nulls":5},{"$f":"SUM(G20:G33)","v":{"v":7909456.4012400005,"d":"7,909,456 "}}]
["③","ELEVATION"]
["3.1","RDC"]
["3.1.1","Béton pour poteaux dosé à 350kg/m3",null,"m3",{"$f":"'Avant métré'!M30","v":5.039999999999999},150000,{"$f":"E37*F37","v":{"v":755999.9999999999,"d":"756000"}}]
["3.1.2","Aciers longitutdinaux HA10",null,"kg",{"$f":"'Avant métré'!M31","v":77.679},1300,{"$f":"E38*F38","v":{"v":100982.7,"d":"100983"}}]
["3.1.3","Cadres HA6",null,"kg",{"$f":"'Avant métré'!M32","v":95.07909600000002},1300,{"v":123602.82480000003,"d":"123603"}]
["3.1.4","Coffrage en bois en fond de 20cm",null,"m2",{"$f":"'Avant métré'!M33","v":100.79999999999998},5000,{"v":503999.99999999994,"d":"504000"}]
["3.1.5","Maçonnerie en agglos de 15cm",null,"m2",{"$f":"'Avant métré'!M34","v":491.568},11000,5407248]
["3.1.6","Béton pour lintaux dosé à 350kg/m3",null,"m3",{"$f":"'Avant métré'!M35","v":7.022400000000001},150000,{"v":1053360.0000000002,"d":"1053360"}]
["3.1.7","Aciers longitutdinaux HA8",null,"kg",{"$f":"'Avant métré'!M36","v":277.0758144},1300,{"v":360198.55872000003,"d":"360199"}]
["3.1.8","Cadres HA6",null,"kg",{"$f":"'Avant métré'!M37","v":132.50705760000002},1300,{"v":172259.17488000004,"d":"172259"}]
["3.1.9","Coffrage en bois en fond de 20cm",null,"m2",{"$f":"'Avant métré'!M38","v":70.224},5000,351120]
["3.1.10","Béton pour chainage haut dosé à 350kg/m3",null,"m3",{"$f":"'Avant métré'!M39","v":7.022400000000001},150000,{"v":1053360.0000000002,"d":"1053360"}]
["3.1.11","Aciers longitutdinaux HA8",null,"kg",{"$f":"'Avant métré'!M40","v":277.0758144},1300,{"v":360198.55872000003,"d":"360199"}]
["3.1.12","Cadres HA6",null,"kg",{"$f":"'Avant métré'!M41","v":132.50705760000002},1300,{"v":172259.17488000004,"d":"172259"}]
["3.1.13","Coffrage en bois en fond de 20cm",null,"m2",{"$f":"'Avant métré'!M42","v":70.224},5000,351120]
["3.1.14","Béton pour plancher haut (dalle en BA) d'épaisseur 15cm dosé à 350kg/m3",null,"m3",{"$f":"'Avant métré'!M43","v":43.568999999999996},150000,{"v":6535349.999999999,"d":"6535350"}]
["3.1.15","Aciers HA10",null,"kg",{"$f":"'Avant métré'!M44","v":2614.14},1300,3398382]
["3.1.16","Etaiement pour la dalle",null,null,{"$f":"'Avant métré'!M45","v":454},5000,2270000]
["3.1.17","Béton pour escalier en BA dosé à 350kg/m3",null,"m3",{"$f":"'Avant métré'!M46","v":3.04},150000,456000]
["3.1.18","Aciers longitutdinaux HA10",null,"kg",{"$f":"'Avant métré'!M47","v":44.782560000000004},1300,{"v":58217.328,"d":"58217"}]
["3.1.19","Aciers de répartition HA8",null,"kg",{"$f":"'Avant métré'!M48","v":10.870128000000001},1300,{"v":14131.166400000002,"d":"14131"}]
["3.2","ETAGE"]
["3.2.1","Béton pour poteaux dosé à 350kg/m3",null,"m3",{"$f":"'Avant métré'!M50","v":5.039999999999999},150000,{"v":755999.9999999999,"d":"756000"}]
["3.2.2","Aciers longitutdinaux HA10",null,"kg",{"$f":"'Avant métré'!M51","v":77.679},1300,{"v":100982.7,"d":"100983"}]
["3.2.3","Cadres HA6",null,"kg",{"$f":"'Avant métré'!M52","v":24547.185432000006},1300,{"v":31911341.061600007,"d":"31911341"}]
["3.2.4","Coffrage en bois en fond de 20cm",null,"m2",{"$f":"'Avant métré'!M53","v":100.79999999999998},5000,{"v":503999.99999999994,"d":"504000"}]
["3.2.5","Maçonnerie en agglos de 15cm",null,"m2",{"$f":"'Avant métré'!M54","v":491.568},11000,5407248]
["3.2.6","Béton pour lintaux dosé à 350kg/m3",null,"m3",{"$f":"'Avant métré'!M55","v":7.022400000000001},150000,{"v":1053360.0000000002,"d":"1053360"}]
["3.2.7","Aciers longitutdinaux HA8",null,"kg",{"$f":"'Avant métré'!M56","v":277.0758144},1300,{"v":360198.55872000003,"d":"360199"}]
["3.2.8","Cadres HA6",null,"kg",{"$f":"'Avant métré'!M57","v":34210.2044592},1300,{"v":44473265.79696,"d":"44473266"}]
["3.2.9","Coffrage en bois en fond de 20cm",null,"m2",{"$f":"'Avant métré'!M58","v":70.224},5000,351120]
["3.2.10","Béton pour chainage haut dosé à 350kg/m3",null,"m3",{"$f":"'Avant métré'!M59","v":7.022400000000001},150000,{"v":1053360.0000000002,"d":"1053360"}]
["3.2.11","Aciers longitutdinaux HA8",null,"kg",{"$f":"'Avant métré'!M60","v":277.0758144},1300,{"v":360198.55872000003,"d":"360199"}]
["3.2.12","Cadres HA6",null,"kg",{"$f":"'Avant métré'!M61","v":34210.2044592},1300,{"v":44473265.79696,"d":"44473266"}]
["3.2.13","Coffrage en bois en fond de 20cm",null,"m2",{"$f":"'Avant métré'!M62","v":70.224},5000,351120]
["Sous total 3",{"$nulls":5},{"$f":"SUM(G37:G69)","v":154653249.95936}]
["④","CHARPENTE EN BOIS - COUVERTURE"]
["4.1","Ferme en bois en fond de 15 et Chevrons 8x8cm2",null,"m3",{"$f":"'Avant métré'!M64","v":4.3777},300000,{"$f":"E72*F72","v":1313310}]
["4.2","Toles bac en alu 5/10ième",null,"m2",{"$f":"'Avant métré'!M65","v":286},5000,{"$f":"E73*F73","v":1430000}]
["Sous total 4",{"$nulls":5},{"$f":"SUM(G72:G73)","v":2743310}]
["⑤","MENUISERIE EN ALUMINIUM"]
["5.1","RDC"]
["5.1.1","Fenetre à deux battants 120x110",null,"u",{"$f":"'Avant métré'!M68","v":10},145000,{"$f":"E77*F77","v":1450000}]
["5.1.2","Fenetre à deux battants 60x60",null,"u",{"$f":"'Avant métré'!M69","v":5},75000,{"$f":"E78*F78","v":375000}]
["5.2","ETAGE"]
["5.2.1","Fenetre à deux battants 120x110",null,"u",{"$f":"'Avant métré'!M71","v":10},90000,{"$f":"E80*F80","v":900000}]
["5.2.2","Fenetre à deux battants 60x60",null,"u",{"$f":"'Avant métré'!M72","v":5},145000,{"$f":"E81*F81","v":725000}]
["Sous total 5",{"$nulls":5},{"$f":"SUM(G77:G81)","v":3450000}]
["⑥","MENUISERIE EN BOIS"]
["6.1","RDC"]
["6.1.1","Fourniture et pose de bloc porte pleine en bois 1,5x210",null,"u",{"$f":"'Avant métré'!M75","v":2},190000,{"$f":"E85*F85","v":380000}]
["6.1.2","Fourniture et pose de bloc porte pleine en bois 90x210",null,"u",{"$f":"'Avant métré'!M76","v":6},120000,{"$f":"E86*F86","v":720000}]
["6.1.3","Fourniture et pose de bloc porte pleine en bois 80x210",null,"u",{"$f":"'Avant métré'!M77","v":5},95000,475000]
["6.2","ETAGE"]
["6.2.1","Fourniture et pose de bloc porte pleine en bois 1,5x210",null,"u",{"$f":"'Avant métré'!M79","v":2},190000,380000]
["6.2.2","Fourniture et pose de bloc porte pleine en bois 90x210",null,"u",{"$f":"'Avant métré'!M80","v":6},120000,720000]
["6.2.3","Fourniture et pose de bloc porte pleine en bois 80x210",null,"u",{"$f":"'Avant métré'!M81","v":5},95000,475000]
["Sous total 6",{"$nulls":5},{"$f":"SUM(G85:G91)","v":3150000}]
["⑦","REVETEMENT MURS"]
[null,"RDC & ETAGE"]
["7.1","Enduit au mortier de 1,5 mm d'épaisseur dosé à 350kg/m3",null,"m3",{"$f":"'Avant métré'!M84","v":1.474704},4200,{"$f":"E95*F95","v":{"v":6193.7568,"d":"6194"}}]
["7.2","Faience pour salle d'eau sur 1,7m (SBD, cuisine et toilette)",null,"m2",{"$f":"'Avant métré'!M85","v":148},8500,{"$f":"E96*F96","v":1258000}]
["Sous total 7",{"$nulls":5},{"$f":"SUM(G95:G96)","v":{"v":1264193.7568,"d":"1264194"}}]
["⑧","REVETEMENT SOL"]
[null,"RDC & ETAGE"]
["8.1","Chape",null,"m2",{"$f":"'Avant métré'!M88","v":580.92},5000,{"$f":"E100*F100","v":2904600}]
["8.2","Carreleage en gré de céramique 15x15",null,"m2",{"$f":"'Avant métré'!M89","v":580.92},8500,{"$f":"E101*F101","v":4937820}]
["8.3","Plinthe",null,"m2",{"$f":"'Avant métré'!M90","v":35.112},3350,{"v":117625.20000000001,"d":"117625"}]
["Sous total 8",{"$nulls":5},{"$f":"SUM(G100:G102)","v":{"v":7960045.2,"d":"7960045"}}]
["⑨","FAUX PLAFOND"]
[null,"RDC & ETAGE"]
["9.1","Contre plaqué de 4mm",null,"u",{"$f":"'Avant métré'!M93","v":{"v":158,"d":"158.00"}},11500,{"$f":"E106*F106","v":1817000}]
["9.2","Latte 5x8cm2",null,"m2",{"$f":"'Avant métré'!M94","v":{"v":7.928,"d":"7.93"}},2500,19820]
["Sous total 9",{"$nulls":5},{"$f":"SUM(G106:G107)","v":1836820}]
["⑩","PEINTURE"]
[null,"RDC & ETAGE"]
["10.1","Peinture intérieure",null,"m2",{"$f":"'Avant métré'!M97","v":983.136},2000,{"$f":"E111*F111","v":1966272}]
["10.2","Peinture sur ménuiserie",null,"m2",{"$f":"'Avant métré'!M98","v":130},2000,{"$f":"E112*F112","v":260000}]
["10.3","Peinture exterieure",null,"m2",{"$f":"'Avant métré'!M99","v":983.136},2000,1966272]
["10.4","Peinture sur faux plafond",null,"m2",{"$f":"'Avant métré'!M100","v":580.92},2000,1161840]
["Sous total 10",{"$nulls":5},{"$f":"SUM(G111:G114)","v":5354384}]
["⑪","CLIMATISATION"]
[null,"RDC & ETAGE"]
["11.1","Fourniture et pose climatiseurs 12000BTU",null,"u",{"$f":"'Avant métré'!M103","v":4},120000,{"$f":"E118*F118","v":480000}]
["11.2","Fourniture et pose climatiseurs 24000BTU",null,"u",{"$f":"'Avant métré'!M104","v":2},120000,{"$f":"E119*F119","v":240000}]
["Sous total 11",{"$nulls":5},{"$f":"SUM(G118:G119)","v":720000}]
["⑫","ELECTRICITE"]
[null,"RDC & ETAGE"]
["12.1","Forfait",{"$nulls":3},2000000,{"$f":"F123","v":2000000}]
[]
["Sous total 12",{"$nulls":5},{"$f":"SUM(G123:G124)","v":2000000}]
["⑬","PLOMBERIE - SANITAIRE -ASSAINISSEMENT"]
[null,"RDC & ETAGE"]
["13.1","Tuyauterie d'évacuation d'eau Ф 63",null,"u",{"$f":"'Avant métré'!M112","v":6},8000,{"$f":"E128*F128","v":48000}]
["13.2","Tuyauterie d'évacuation d'eau Ф 80",null,"u",{"$f":"'Avant métré'!M113","v":14},9000,{"$f":"E129*F129","v":126000}]
["13.3","Tuyauterie d'évacuation d'eau Ф 100",null,"u",{"$f":"'Avant métré'!M114","v":12},12000,144000]
["13.4","Tuyauterie d'évacuation d'eau pluviale goutière en U",null,"u",{"$f":"'Avant métré'!M115","v":12},14000,168000]
["13.5","Tuyauterie d'évacuation d'eau pluviale Ф 100",null,"u",{"$f":"'Avant métré'!M116","v":16},12000,192000]
["13.6","Regard de visite 60x60",null,"u",{"$f":"'Avant métré'!M117","v":6},null,0]
["13.7","Fosse toute eau 2x1,8x2",null,"m3",{"$f":"'Avant métré'!M118","v":7},null,0]
["13.8","Murs en parpaings de 15",null,"m2",{"$f":"'Avant métré'!M119","v":10},11000,110000]
["13.9","Brique",null,"u",{"$f":"'Avant métré'!M120","v":133},500,66500]
["13.10","Sable",null,"t",{"$f":"'Avant métré'!M121","v":7},7500,52500]
["13.11","Ciment",null,"u",{"$f":"'Avant métré'!M122","v":75},7000,525000]
["13.12","Dallage béton armé 10cm",null,"cm3",{"$f":"'Avant métré'!M123","v":0},null,0]
["13.13","Ciment",null,"u",{"$f":"'Avant métré'!M124","v":3},7000,21000]
["13.14","Gravier",null,"t",{"$f":"'Avant métré'!M125","v":0},15000,0]
["13.15","Acier HA8",null,"ml",{"$f":"'Avant métré'!M126","v":28},3500,98000]
["13.16","Sable",null,"t",{"$f":"'Avant métré'!M127","v":0},7500,0]
["13.17","Coffrage en bois",null,"m2",{"$f":"'Avant métré'!M128","v":3},5000,15000]
["13.18","Lattes",null,"ml",{"$f":"'Avant métré'!M129","v":10},2000,20000]
["13.19","Contre plaqué",null,"u",{"$f":"'Avant métré'!M130","v":2},4000,8000]
["13.20","Sanitaire",{"$nulls":4},0]
["13.21","Wc accessoire y compris",null,"u",{"$f":"'Avant métré'!M132","v":5},null,0]
["13.22","Evier de cuisine accessoire y compris",null,"u",{"$f":"'Avant métré'!M133","v":1},null,0]
["13.23","Lavabos accessoire y compris",null,"u",{"$f":"'Avant métré'!M134","v":5},null,0]
["13.24","Plomberie",null,null,{"$f":"'Avant métré'!M135","v":0},null,0]
["13.25","Tuyauterie d'alimentation en eau potable en PEHD",null,"ml",{"$f":"'Avant métré'!M136","v":0},null,0]
[null,"FORFAIT",{"$nulls":4},2000000]
["Sous total 13",{"$nulls":5},{"$f":"G153","v":2000000}]
["⑭","TRAVAUX DE FINITION"]
["14.1","Travaux complémentaires",null,"fft",null,500000,{"$f":"F156","v":500000}]
["Sous total 14",{"$nulls":5},{"$f":"SUM(G156:G156)","v":500000}]
[]
["Montant total",{"$nulls":5},{"$f":"G10+G18+G34+G70+G74+G82+G92+G97+G103+G108+G115+G120+G125+G154+G157","v":{"v":198078141.2674,"d":"198078141"}}]
["Imprévues (6% du montant total)",{"$nulls":5},{"$f":"0.06*G159","v":{"v":11884688.476044,"d":"11884688"}}]
["Suivi du chantier (5% du montant total)",{"$nulls":5},{"$f":"0.05*G159","v":{"v":9903907.06337,"d":"9903907"}}]
["COUT TOTAL HORS TAXE",{"$nulls":5},{"$f":"SUM(G159:G161)","v":{"v":219866736.806814,"d":"219866737"}}]

{"sheet":"Feuil1","index":2,"n_rows":154,"n_cols":12,"rows_kept":154,"merged":[[0,2,0,9],[2,3,2,5],[3,3,3,5],[4,3,4,5],[5,3,5,5],[6,3,6,5],[7,2,7,7],[8,3,8,5],[9,3,9,5],[10,3,10,5],[11,3,11,5],[12,3,12,5],[13,3,13,5],[14,3,14,5],[15,2,15,7],[16,3,16,5],[17,3,17,5],[18,3,18,5],[19,3,19,5],[20,3,20,5],[21,3,21,5],[22,3,22,5],[23,3,23,5],[24,3,24,5],[25,3,25,5],[26,3,26,5],[27,3,27,5],[28,3,28,5],[29,3,29,5],[30,3,30,5],[31,2,31,7],[32,3,32,5],[33,3,33,5],[34,3,34,5],[35,3,35,5],[36,3,36,5],[37,3,37,5],[38,3,38,5],[39,3,39,5],[40,3,40,5],[41,3,41,5],[42,3,42,5],[43,3,43,5],[44,3,44,5],[45,3,45,5],[46,3,46,5],[47,3,47,5],[48,3,48,5],[49,2,49,7],[50,3,50,5],[51,3,51,5],[52,3,52,5],[53,3,53,5],[54,3,54,5],[55,3,55,5],[56,3,56,5],[57,3,57,5],[58,3,58,5],[59,3,59,5],[60,3,60,5],[61,3,61,5],[62,3,62,5],[63,3,63,5],[64,3,64,5],[65,3,65,5],[66,3,66,5],[67,2,67,7],[68,2,68,9],[69,3,69,5],[70,3,70,5],[71,3,71,5],[72,2,72,7],[73,3,73,5],[74,3,74,5],[75,3,75,5],[76,3,76,5],[77,3,77,5],[78,3,78,5],[79,3,79,5],[80,3,80,5],[81,3,81,5],[82,2,82,7],[83,3,83,5],[84,3,84,5],[85,3,85,5],[86,3,86,5],[87,3,87,5],[88,3,88,5],[89,3,89,5],[90,3,90,5],[91,3,91,5],[92,2,92,7],[93,3,93,5],[94,3,94,5],[95,3,95,5],[96,3,96,5],[97,3,97,5],[98,3,98,5],[99,3,99,5],[100,3,100,5],[101,3,101,5],[102,3,102,5],[103,3,103,5],[104,3,104,5],[105,3,105,5],[106,2,106,7],[107,3,107,5],[108,3,108,5],[109,3,109,5],[110,3,110,5],[111,3,111,5],[112,2,112,7],[113,3,113,5],[114,3,114,5],[115,3,115,5],[116,2,116,7],[117,3,117,5],[118,3,118,5],[119,2,119,7],[120,3,120,5],[121,3,121,5],[122,3,122,5],[123,3,123,5],[124,3,124,5],[125,3,125,5],[126,3,126,5],[127,3,127,5],[128,3,128,5],[129,3,129,5],[130,3,130,5],[131,3,131,5],[132,3,132,5],[133,3,133,5],[134,3,134,5],[135,3,135,5],[136,3,136,5],[137,3,137,5],[138,3,138,5],[139,3,139,5],[140,3,140,5],[141,3,141,5],[142,3,142,5],[143,3,143,5],[144,3,144,5],[145,3,145,5],[146,3,146,5],[147,3,147,5],[148,2,148,7],[149,2,149,9],[150,2,150,8],[151,2,151,8],[152,2,152,8],[153,2,153,8],[154,2,155,9]]}
[null,null,"Dévis Orga chantier"]
[]
[null,null,"N° Ordre","Désignation",null,null,"U","Quantité ","P.U HT","Montant HT"]
[null,null,"LOT 1","TRAVAUX PREPARATOIRES"]
[{"$nulls":3},"Installation et replis de chantier ",null,null,"fft","Ens",{"v":400000,"d":"400,000"},{"v":400000,"d":"400,000"}]
[{"$nulls":3},"Evacuation des gravat à la decharge publique",null,null,"fft","Ens"]
[{"$nulls":3},"Implantation",null,null,"fft","Ens",{"v":100000,"d":"100,000"},{"v":100000,"d":"100,000"}]
[null,null,"Sous Total LOT1",{"$nulls":6},{"$f":"SUM(J5:J7)","v":{"v":500000,"d":"500,000"}}]
[null,null,"LOT 2","TERRASSEMENT"]
[{"$nulls":3},"Décapage des terres végétales d'épaisseur 10cm",null,null,"m3",{"$f":"(15.45+1*2)*(18.8+1*2)*0.1","v":36.296},{"v":8500,"d":"8,500"},{"$f":"H10*I10","v":{"v":308516,"d":"308,516"}}]
[{"$nulls":3},"Fouilles en rigole 45x50cm2",null,null,"m3",{"$f":"0.45*0.5*175.56","v":{"v":39.501000000000005,"d":"39.501"}},{"v":14700,"d":"14,700"},{"$f":"H11*I11","v":{"v":580664.7000000001,"d":"580,665"}},"linéaire=",{"$f":"68.5+11.47+19.3+6.5+9.65+4.14+14.37+9.5+14.38+4.8*2+6.8+0.45*3","v":175.56}]
[{"$nulls":3},"Remblai des terres provenant des fouilles ",null,null,"m3",{"$f":"H11*1.5","v":{"v":59.25150000000001,"d":"59.252"}},{"v":6500,"d":"6,500"},{"v":385134.75000000006,"d":"385,135"}]
[{"$nulls":3},"Lit de sable de 5cm pour l'assise du film polyane",null,null,"m²",{"$f":"15.45*18.8","v":{"v":290.46,"d":"290.460"}},{"v":6500,"d":"6,500"},{"v":1887989.9999999998,"d":"1,887,990"}]
[{"$nulls":3},"Fourniture et pose du film polyane 180 microns",null,null,"m²",{"$f":"15.45*18.8","v":{"v":290.46,"d":"290.460"}},300,{"v":87138,"d":"87,138"}]
[{"$nulls":3},"Remblai d'apport compacté soigneusement chaque 20cm",null,null,"m3",{"$f":"H14*0.5-H11","v":{"v":105.72899999999998,"d":"105.729"}},{"v":6500,"d":"6,500"},{"v":687238.4999999999,"d":"687,239"}]
[null,null,"Sous Total LOT2",{"$nulls":6},{"$f":"SUM(J10:J15)","v":{"v":3936681.95,"d":"3,936,682"}}]
[null,null,"LOT 3","FONDATION"]
[{"$nulls":3},"Béton de propreté sous semelles filantes dosé à 150Kg/m3",null,null,"m3",{"$f":"0.05*0.45*175.56","v":{"v":3.9501000000000004,"d":"3.95"}},{"v":90000,"d":"90,000"},{"$f":"H18*I18","v":{"v":355509.00000000006,"d":"355,509"}}]
[{"$nulls":3},"Béton pour semelles filantes dosé à 350Kg/m3",null,null,"m3",{"$f":"0.1*0.45*175.56","v":{"v":7.900200000000001,"d":"7.90"}},{"v":150000,"d":"150,000"},{"$f":"H19*I19","v":{"v":1185030.0000000002,"d":"1,185,030"}}]
[{"$nulls":3},"Aciers longitudinaux HA8 pour semelles filantes ",null,null,"kg",{"$f":"0.394*175.56*3","v":{"v":207.51192000000003,"d":"207.51"}},{"v":1300,"d":"1,300"},{"v":269765.49600000004,"d":"269,765"}]
[{"$nulls":3},"Epingles HA10 pour semelles filantes ",null,null,"kg",{"$f":"0.55*878*0.616","v":{"v":297.4664,"d":"297.47"}},{"v":1300,"d":"1,300"},{"v":386706.32,"d":"386,706"},"Nbre =",{"$f":"L11/0.2","v":877.8}]
[{"$nulls":3},"Béton pour poteaux dosé à 350Kg/m3",null,null,"m3",{"$f":"0.2*0.2*0.35*45","v":{"v":0.6300000000000001,"d":"0.63"}},{"v":150000,"d":"150,000"},{"v":94500.00000000001,"d":"94,500"},"Nbre =",45]
[{"$nulls":3},"Aciers HA10 pour semelles filantes ",null,null,"kg",{"$f":"1.6*4*45*0.615","v":177.12},{"v":1300,"d":"1,300"},{"v":230256,"d":"230,256"}]
[{"$nulls":3},"Cadres HA6",null,null,"kg",{"$f":"(0.14*4+0.1*2)*3*45*0.222","v":{"v":22.7772,"d":"22.78"}},{"v":1300,"d":"1,300"},{"v":29610.36,"d":"29,610"}]
[{"$nulls":3},"Coffrage en bois fond de 20",null,null,"m²",{"$f":"0.2*0.5*4*45","v":{"v":18,"d":"18.00"}},{"v":5000,"d":"5,000"},{"v":90000,"d":"90,000"}]
[{"$nulls":3},"Béton pour chainage bas dosé à 350Kg/m3",null,null,"m3",{"$f":"0.2*0.2*175.56","v":{"v":7.022400000000001,"d":"7.02"}},{"v":150000,"d":"150,000"},{"v":1053360.0000000002,"d":"1,053,360"}]
[{"$nulls":3},"Aciers HA8 pour le chainage",null,null,"kg",{"$f":"0.394*175.56","v":{"v":69.17064,"d":"69.17"}},{"v":1300,"d":"1,300"},{"v":89921.83200000001,"d":"89,922"}]
[{"$nulls":3},"Cadres HA6",null,null,"kg",{"$f":"0.222*878*(0.14*4+0.1*2)","v":{"v":148.13616,"d":"148.14"}},{"v":1300,"d":"1,300"},{"v":192577.00799999997,"d":"192,577"}]
[{"$nulls":3},"Coffrage en bois fond de 20",null,null,"m²",{"$f":"0.2*175.56*2","v":{"v":70.224,"d":"70.22"}},{"v":5000,"d":"5,000"},{"v":351120,"d":"351,120"}]
[{"$nulls":3},"Béton pour dallage dosé à 300Kg/m3 ep= 8cm",null,null,"m3",{"$f":"H13*0.08","v":{"v":23.2368,"d":"23.24"}},{"v":115000,"d":"115,000"},{"v":2672232,"d":"2,672,232"}]
[{"$nulls":3},"Maçonnerie en agglos 20 cm",null,null,"m²",{"$f":"0.35*175.56","v":{"v":61.446,"d":"61.45"}},{"v":11000,"d":"11,000"},{"v":675906,"d":"675,906"}]
[null,null,"Sous Total LOT3",{"$nulls":6},{"$f":"SUM(J18:J31)","v":{"v":7676494.016,"d":"7,676,494"}}]
[null,null,"LOT 4","RDC"]
[{"$nulls":3},"Béton pour poteaux dosé à 350Kg/m3",null,null,"m3",{"$f":"0.2*0.2*2.8*45","v":{"v":5.040000000000001,"d":"5.04"}},{"v":150000,"d":"150,000"},{"$f":"H34*I34","v":{"v":756000.0000000001,"d":"756,000"}}]
[{"$nulls":3},"Aciers HA10 pour poteaux",null,null,"kg",{"$f":"(2.8+0.6)*4*0.616*45","v":{"v":376.99199999999996,"d":"376.992"}},{"v":1300,"d":"1,300"},{"$f":"H35*I35","v":{"v":490089.6,"d":"490,090"}}]
[{"$nulls":3},"Cadres HA6",null,null,"kg",{"$f":"(0.14*4+0.1*2)*14*0.222*45","v":{"v":106.29360000000001,"d":"106.294"}},{"v":1300,"d":"1,300"},{"v":138181.68000000002,"d":"138,182"},"Nbre =",{"$f":"280/20","v":14}]
[{"$nulls":3},"Coffrage en bois fond de 20",null,null,"m²",{"$f":"2.8*0.2*4*45","v":{"v":100.79999999999998,"d":"100.800"}},{"v":5000,"d":"5,000"},{"v":503999.99999999994,"d":"504,000"}]
[{"$nulls":3},"Béton dosé à 350Kg/m3 pour linteaux ",null,null,"m3",{"$f":"0.15*0.15*175.56","v":{"v":3.9501,"d":"3.950"}},{"v":150000,"d":"150,000"},{"v":592515,"d":"592,515"}]
[{"$nulls":3},"Aciers HA8 pour linteaux",null,null,"kg",{"$f":"0.397*175.56*4","v":{"v":278.78928,"d":"278.789"}},{"v":1300,"d":"1,300"},{"v":362426.064,"d":"362,426"}]
[{"$nulls":3}," Aciers HA6 pour les cadres linteaux",null,null,"kg",{"$f":"0.222*(0.1*4+0.12)*878","v":{"v":101.35632,"d":"101.356"}},{"v":1300,"d":"1,300"},{"v":131763.216,"d":"131,763"}]
[{"$nulls":3},"Coffrage pour lintaux",null,null,"m²",{"$f":"2*0.2*175.56","v":70.224},{"v":5000,"d":"5,000"},{"v":351120,"d":"351,120"}]
[{"$nulls":3},"Béton dosé à 350Kg/m3 pour chainage haut",null,null,"m3",{"$f":"0.15*0.15*175.56","v":3.9501},{"v":150000,"d":"150,000"},{"v":592515,"d":"592,515"}]
[{"$nulls":3},"Aciers HA8 pour chainage haut",null,null,"kg",{"$f":"0.397*175.56*4","v":{"v":278.78928,"d":"278.789"}},{"v":1300,"d":"1,300"},{"v":362426.064,"d":"362,426"}]
[{"$nulls":3}," Aciers HA6 pour les cadres chainage haut",null,null,"kg",{"$f":"0.222*(0.1*4+0.12)*878","v":{"v":101.35632,"d":"101.356"}},{"v":1300,"d":"1,300"},{"v":131763.216,"d":"131,763"}]
[{"$nulls":3},"Coffrage en bois fond de 20",null,null,"m²",{"$f":"2*0.2*175.56","v":70.224},{"v":5000,"d":"5,000"},{"v":351120,"d":"351,120"}]
[{"$nulls":3},"Béton pour escalier dosé à 350Kg/m3",null,null,"m3",{"$f":"0.9+0.98+0.96+0.2","v":{"v":3.04,"d":"3.040"}},{"v":150000,"d":"150,000"},{"v":456000,"d":"456,000"}]
[{"$nulls":3},"Aciers HA10 pour escalier",null,null,"kg",{"$f":"0.616*4.54*16","v":{"v":44.74624,"d":"44.746"}},{"v":1300,"d":"1,300"},{"v":58170.112,"d":"58,170"}]
[{"$nulls":3},"Aciers HA8 de répartition pour escalier",null,null,"kg",{"$f":"0.394*1.45*19","v":{"v":10.854700000000001,"d":"10.855"}},{"v":1300,"d":"1,300"},{"v":14111.11,"d":"14,111"}]
[{"$nulls":3},"Maçonnerie en agglos 15 cm",null,null,"m²",{"$f":"2.8*175.56","v":491.568},{"v":11000,"d":"11,000"},{"v":5407248,"d":"5,407,248"}]
[null,null,"Sous total Poste LOT 4",{"$nulls":6},{"$f":"SUM(J34:J49)","v":{"v":10699449.062,"d":"10,699,449"}}]
[null,null,"LOT 5","Etage "]
[{"$nulls":3},"Béton pour poteaux dosé à 350Kg/m3",null,null,"m3",{"$f":"0.2*0.2*2.8*45","v":{"v":5.040000000000001,"d":"5.04"}},{"v":150000,"d":"150,000"},{"$f":"H52*I52","v":{"v":756000.0000000001,"d":"756,000"}}]
[{"$nulls":3},"Aciers HA10 pour poteaux",null,null,"kg",{"$f":"(2.8+0.6)*4*0.616*45","v":{"v":376.99199999999996,"d":"376.992"}},{"v":1300,"d":"1,300"},{"$f":"H53*I53","v":{"v":490089.6,"d":"490,090"}}]
[{"$nulls":3},"Aciers HA6 pour  cadres poteaux",null,null,"kg",{"$f":"(0.1*4+0.12)*14*0.222*45","v":{"v":72.7272,"d":"72.727"}},{"v":1300,"d":"1,300"},{"v":94545.36,"d":"94,545"}]
[{"$nulls":3},"Coffrage en bois fond de 20",null,null,"m²",{"$f":"2.8*0.2*4*45","v":{"v":100.79999999999998,"d":"100.800"}},{"v":5000,"d":"5,000"},{"v":503999.99999999994,"d":"504,000"}]
[{"$nulls":3},"Béton dosé à 350kg/m3 pour la dalle d'épaisseur 15 cm",null,null,"m3",{"$f":"H13*0.15","v":{"v":43.568999999999996,"d":"43.569"}},{"v":150000,"d":"150,000"},{"v":6535349.999999999,"d":"6,535,350"}]
[{"$nulls":3},"Aciers HA10 pour la dalle",null,null,"kg",{"$f":"60*H56","v":{"v":2614.14,"d":"2614.140"}},{"v":1300,"d":"1,300"},{"v":3398382,"d":"3,398,382"}]
[{"$nulls":3},"Etaiement pour la dalle ",null,null,"u",{"$f":"(18.8/0.8)*(15.45/0.8)","v":{"v":453.84374999999994,"d":"453.844"}},{"v":5000,"d":"5,000"},{"v":2269218.7499999995,"d":"2,269,219"}]
[{"$nulls":3},"Béton dosé à 350Kg/m3 pour linteaux ",null,null,"m3",{"$f":"0.15*0.15*175.56","v":{"v":3.9501,"d":"3.950"}},{"v":150000,"d":"150,000"},{"v":592515,"d":"592,515"}]
[{"$nulls":3},"Aciers HA8 pour linteaux",null,null,"kg",{"$f":"0.397*175.56*4","v":{"v":278.78928,"d":"278.789"}},{"v":1300,"d":"1,300"},{"v":362426.064,"d":"362,426"}]
[{"$nulls":3}," Aciers HA6 pour les cadres linteaux",null,null,"kg",{"$f":"0.222*(0.1*4+0.12)*878","v":{"v":101.35632,"d":"101.356"}},{"v":1300,"d":"1,300"},{"v":131763.216,"d":"131,763"}]
[{"$nulls":3},"Coffrage pour lintaux",null,null,"m²",{"$f":"2*0.2*175.56","v":70.224},{"v":5000,"d":"5,000"},{"v":351120,"d":"351,120"}]
[{"$nulls":3},"Béton dosé à 350Kg/m3 pour chainage haut",null,null,"m3",{"$f":"0.15*0.15*175.56","v":3.9501},{"v":150000,"d":"150,000"},{"v":592515,"d":"592,515"}]
[{"$nulls":3},"Aciers HA8 pour chainage haut",null,null,"kg",{"$f":"0.397*175.56*4","v":{"v":278.78928,"d":"278.789"}},{"v":1300,"d":"1,300"},{"v":362426.064,"d":"362,426"}]
[{"$nulls":3}," Aciers HA6 pour les cadres chainage haut",null,null,"kg",{"$f":"0.222*(0.1*4+0.12)*878","v":{"v":101.35632,"d":"101.356"}},{"v":1300,"d":"1,300"},{"v":131763.216,"d":"131,763"}]
[{"$nulls":3},"Coffrage en bois fond de 20",null,null,"m²",{"$f":"2*0.2*175.56","v":70.224},{"v":5000,"d":"5,000"},{"v":351120,"d":"351,120"}]
[{"$nulls":3},"Maçonnerie en agglos 15 cm",null,null,"m²",{"$f":"2.8*175.56","v":491.568},{"v":11000,"d":"11,000"},{"v":5407248,"d":"5,407,248"}]
[null,null,"Sous total  LOT 5",{"$nulls":6},{"$f":"SUM(J52:J67)","v":{"v":22330482.269999996,"d":"22,330,482"}}]
[]
[null,null,"LOT 6","CHARPENTE EN BOIS - COUVERTURE"]
[{"$nulls":3},"Ferme en bois en fond de 15 et Chevrons 8x8cm2",null,null,"m3",{"$f":"0.15*0.03*741+0.08*0.08*163","v":{"v":4.3777,"d":"4.38"}},{"v":300000,"d":"300,000"},{"$f":"H71*I71","v":{"v":1313310,"d":"1,313,310"}}]
[{"$nulls":3},"Toles bac en alu 5/10ième",null,null,"m2",{"v":286,"d":"286.00"},{"v":5000,"d":"5,000"},{"$f":"H72*I72","v":{"v":1430000,"d":"1,430,000"}}]
[null,null,"Sous total LOT 6",{"$nulls":6},{"$f":"SUM(J71:J72)","v":{"v":2743310,"d":"2,743,310"}}]
[null,null,"LOT 7","REVETEMENT - ETANCHEITE"]
[{"$nulls":3},"RDC"]
[{"$nulls":3},"Revetement du sol en gré de céramique 45x45",null,null,"ml",238,{"v":25000,"d":"25,000"},{"$f":"H76*I76","v":{"v":5950000,"d":"5,950,000"}}]
[{"$nulls":3},"Plinthe carreaux en gré de céramique",null,null,"m2",102,{"v":10000,"d":"10,000"},{"$f":"H77*I77","v":{"v":1020000,"d":"1,020,000"}}]
[{"$nulls":3},"Faience 20x50 pour salle d'eau (SBD, cuisine et toilette)",null,null,"m2",74,null,0]
[{"$nulls":3},"Etage"]
[{"$nulls":3},"Revetement du sol en gré de céramique 45x45",null,null,"ml",238,null,{"$f":"H80*I80","v":0}]
[{"$nulls":3},"Plinthe carreaux en gré de céramique",null,null,"m2",102,null,{"$f":"H81*I81","v":0}]
[{"$nulls":3},"Faience 20x50 pour salle d'eau (SBD, cuisine et toilette)",null,null,"m2",74,null,0]
[null,null,"Sous total LOT 7",{"$nulls":6},{"$f":"SUM(J76:J82)","v":{"v":6970000,"d":"6,970,000"}}]
[null,null,"LOT 8","FAUX PLAFOND  "]
[{"$nulls":3},"RDC"]
[{"$nulls":3},"Faux plafond interieur y compris décoration en CP8 mm",null,null,"m2",{"v":238,"d":"238.00"},null,{"$f":"H86*I86","v":0}]
[{"$nulls":3},"Contre plaquée 8mm",null,null,"u",{"v":79,"d":"79.00"},null,{"$f":"H87*I87","v":0}]
[{"$nulls":3},"Lattes 5x8",null,null,"m3",{"$f":"0.05*0.08*991","v":{"v":3.964,"d":"3.96"}},null,0]
[{"$nulls":3},"Etage"]
[{"$nulls":3},"Faux plafond interieur y compris décoration en CP8 mm",null,null,"m2",{"v":238,"d":"238.00"},null,0]
[{"$nulls":3},"Contre plaquée 8mm",null,null,"u",{"v":79,"d":"79.00"},null,0]
[{"$nulls":3},"Lattes 5x8",null,null,"m3",{"$f":"0.05*0.08*991","v":{"v":3.964,"d":"3.96"}},null,0]
[null,null,"Sous total LOT 8",{"$nulls":6},{"$f":"SUM(J86:J92)","v":0}]
[null,null,"LOT 9","MENUISERIE EN BOIS - MENUISERIE EN ALUMINIUM"]
[{"$nulls":3},"RDC"]
[{"$nulls":3},"Fourniture et pose de bloc porte pleine en bois 1,5x210",null,null,"u",2,null,{"$f":"H96*I96","v":0}]
[{"$nulls":3},"Fourniture et pose de bloc porte pleine en bois 90x210",null,null,"u",6,null,{"$f":"H97*I97","v":0}]
[{"$nulls":3},"Fourniture et pose de bloc porte pleine en bois 80x210",null,null,"u",5,null,0]
[{"$nulls":3},"Fenetre à deux battants 120x110",null,null,"u",10,null,0]
[{"$nulls":3},"Fenetre à deux battants 60x60",null,null,"u",5,null,0]
[{"$nulls":3},"Etage"]
[{"$nulls":3},"Fourniture et pose de bloc porte pleine en bois 1,5x210",null,null,"u",2,null,{"$f":"H102*I102","v":0}]
[{"$nulls":3},"Fourniture et pose de bloc porte pleine en bois 90x210",null,null,"u",6,null,{"$f":"H103*I103","v":0}]
[{"$nulls":3},"Fourniture et pose de bloc porte pleine en bois 80x210",null,null,"u",5,null,0]
[{"$nulls":3},"Fenetre à deux battants 120x110",null,null,"u",10,null,0]
[{"$nulls":3},"Fenetre à deux battants 60x60",null,null,"u",5,null,0]
[null,null,"Sous total LOT 9",{"$nulls":6},{"$f":"SUM(J96:J106)","v":0}]
[null,null,"LOT 10","PEINTURE",null,null,"F"]
[{"$nulls":3},"peinture sur maçonnerie",null,null,"m2",286,{"v":2000,"d":"2,000"},{"$f":"H109*I109","v":572000}]
[{"$nulls":3},"Peinture sur ménuiserie",null,null,"m2",65,{"v":2000,"d":"2,000"},{"$f":"H110*I110","v":130000}]
[{"$nulls":3},"Peinture exterieure",null,null,"m2",176,{"v":2000,"d":"2,000"},352000]
[{"$nulls":3},"Peinture sur faux plafond",null,null,"m2",238,{"v":2000,"d":"2,000"},476000]
[null,null,"Sous total LOT 10",{"$nulls":6},{"$f":"SUM(J109:J112)","v":{"v":1530000,"d":"1,530,000"}}]
[null,null,"LOT 11","CLIMATISATION"]
[{"$nulls":3},"Fourniture et pose climatiseurs 12000BTU",null,null,"u",4,null,{"$f":"H115*I115","v":0}]
[{"$nulls":3},"Fourniture et pose climatiseurs 24000BTU",null,null,"u",2,null,{"$f":"H116*I116","v":0}]
[null,null,"Sous total LOT 11",{"$nulls":6},{"$f":"SUM(J115:J116)","v":0}]
[null,null,"LOT 12","ELECTRICITE"]
[{"$nulls":3},"Forfait",{"$nulls":4},{"v":2000000,"d":"2,000,000"},{"$f":"I119","v":{"v":2000000,"d":"2,000,000"}}]
[null,null,"Sous total  LOT 12",{"$nulls":6},{"$f":"J119","v":{"v":2000000,"d":"2,000,000"}}]
[null,null,"LOT 13","PLOMBERIE SANITAIRE - ASSAINISSEMENT"]
[{"$nulls":3},"RDC - Etage"]
[{"$nulls":3},"Assainissement"]
[{"$nulls":3},"Tuyauterie d'évacuation d'eau Ф 63",null,null,"u",{"v":3,"d":"3.00"},null,{"$f":"H124*I124","v":0}]
[{"$nulls":3},"Tuyauterie d'évacuation d'eau Ф 80",null,null,"u",{"v":7,"d":"7.00"},null,{"$f":"H125*I125","v":0}]
[{"$nulls":3},"Tuyauterie d'évacuation d'eau Ф 100",null,null,"u",{"v":6,"d":"6.00"},null,0]
[{"$nulls":3},"Tuyauterie d'évacuation d'eau pluviale goutière en U",null,null,"u",{"v":6,"d":"6.00"},null,0]
[{"$nulls":3},"Tuyauterie d'évacuation d'eau pluviale Ф 100",null,null,"u",{"v":8,"d":"8.00"},null,0]
[{"$nulls":3},"Regard de visite 60x60",null,null,"u",{"v":6,"d":"6.00"},null,0]
[{"$nulls":3},"Fosse toute eau 2x1,8x2",null,null,"m3",{"v":7,"d":"7.00"},null,0]
[{"$nulls":3},"Murs en parpaings de 15",null,null,"m2",{"v":10,"d":"10.00"},null,0]
[{"$nulls":3},"Brique",null,null,"u",{"v":133,"d":"133.00"},null,0]
[{"$nulls":3},"Sable",null,null,"t",{"v":7,"d":"7.00"},null,0]
[{"$nulls":3},"Ciment",null,null,"u",{"v":75,"d":"75.00"},null,0]
[{"$nulls":3},"Dallage béton armé 10cm",null,null,"cm3",{"v":0,"d":"0.00"},null,0]
[{"$nulls":3},"Ciment",null,null,"u",{"v":3,"d":"3.00"},null,0]
[{"$nulls":3},"Gravier",null,null,"t",{"v":0,"d":"0.00"},null,0]
[{"$nulls":3},"Acier HA8",null,null,"ml",{"v":28,"d":"28.00"},null,0]
[{"$nulls":3},"Sable",null,null,"t",{"v":0,"d":"0.00"},null,0]
[{"$nulls":3},"Coffrage en bois",null,null,"m2",{"v":3,"d":"3.00"},null,0]
[{"$nulls":3},"Lattes",null,null,"ml",{"v":10,"d":"10.00"},null,0]
[{"$nulls":3},"Contre plaqué",null,null,"u",{"v":2,"d":"2.00"},null,0]
[{"$nulls":3},"Sanitaire",{"$nulls":5},0]
[{"$nulls":3},"Wc accessoire y compris",null,null,"u",{"v":5,"d":"5.00"},null,0]
[{"$nulls":3},"Evier de cuisine accessoire y compris",null,null,"u",{"v":1,"d":"1.00"},null,0]
[{"$nulls":3},"Lavabos accessoire y compris",null,null,"u",{"v":5,"d":"5.00"},null,0]
[{"$nulls":3},"Plomberie",{"$nulls":5},0]
[{"$nulls":3},"Tuyauterie d'alimentation en eau potable en PEHD",null,null,"ml",null,null,0]
[null,null,"Sous total LOT 13",{"$nulls":6},{"$f":"SUM(J124:J148)*2","v":0}]
[]
[null,null,"Montant Total",{"$nulls":6},{"$f":"J8+J16+J50+J68+J73+J83+J93+J107+J113+J117+J120+J149","v":{"v":50709923.282,"d":"50,709,923"}}]
[null,null,"Imprévues (6% du montant total)",{"$nulls":6},{"$f":"J151*0.06","v":{"v":3042595.3969199997,"d":"3,042,595"}}]
[null,null,"Suivi de chantier(5% du montant total)",{"$nulls":6},{"$f":"0.05*J151","v":{"v":2535496.1641,"d":"2,535,496"}}]
[null,null,"MONTANT HT en Franc CFA",{"$nulls":6},{"$f":"SUM(J151:J153)","v":{"v":56288014.84302,"d":"56,288,015"}}]